000 00318nam a2200121Ia 4500
008 240624s9999 xx 000 0 und d
041 _aeng
082 _a005.133 JOS
100 _aJOSUTTIS NICOLAI M
245 _aOBJECT ORIENTED PROGRAMMING IN C
260 _c2003
_aNew Delhi
_bWiley Dreamtech India
300 _axii, : 610
999 _c948
_d948